000 00973nam a2200265 i 4500
001 bg
245 0 0 _aObliczenia statyczno-wytrzymałościowe kanałów i przewodów kanalizacyjnych /
_c[oprac. Gert Bellinghausen et al. ; tł. Bogdan Przybyła].
250 _aWyd. 3. Czerwiec 2000.
260 _aWarszawa :
_bWydawnictwo "Seidel-Przywecki",
_c[2001?].
300 _a92 s. :
_brys., wykr. ;
_c24 cm.
490 1 _aWytyczna ATV-DVWK ;
_vA127P
650 9 _aKanalizacja
_xurządzenia
_xpomiary
650 9 _aInstalacje sanitarne
_xpomiary
_xnormalizacja
_zNiemcy
700 1 _aBellinghausen, Gert.
_eOprac.
700 1 _aPrzybyła, Bogdan.
_eTł.
830 _aWytyczna ATV-DVWK ;
020 _a3935707374 (oryg.)
040 _cBPK
041 1 _apol
_hger
044 _aPOL
920 _a3-935707-37-4 (oryg.)
942 _cKA
008 s pl f |000 0 pol
999 _c49165
_d49165
856 _uhttp://koha.tu.koszalin.pl/cgi-bin/koha/opac-detail.pl?biblionumber=49165
_yKatalog online BPK